| 000 -LEADER |
| fixed length control field |
01162nam a22002537a 4500 |
| 003 - CONTROL NUMBER IDENTIFIER |
| control field |
OSt |
| 005 - DATE AND TIME OF LATEST TRANSACTION |
| control field |
20181001065925.0 |
| 008 - FIXED-LENGTH DATA ELEMENTS--GENERAL INFORMATION |
| fixed length control field |
180220b xxu||||| |||| 00| 0 spa d |
| 020 ## - INTERNATIONAL STANDARD BOOK NUMBER |
| International Standard Book Number |
9505360630 |
| 040 ## - CATALOGING SOURCE |
| Transcribing agency |
PJ |
| 100 ## - ASIENTO PRINCIPAL - NOMBRE DE PERSONA |
| 9 (RLIN) |
95 |
| Personal name |
Morello, Augusto Mario |
| 245 13 - MENCIÓN DE TÍTULO |
| Título propiamente dicho |
El proceso justo : |
| Mención de responsabilidad, etc |
Alberto Luis Maurino; prólogo de Augusto C. Belluscio. |
| 260 ## - PUBLICATION, DISTRIBUTION, ETC. (IMPRINT) |
| Place of publication, distribution, etc |
La Plata : |
| Date of publication, distribution, etc |
Platense, |
| Name of publisher, distributor, etc |
1994. |
| 300 ## - DESCRIPCION FISICA |
| Extent |
682 p. ; |
| Dimensions |
23 cm. |
| 500 ## - NOTA GENERAL |
| General note |
Notas y citas bibliográficas a pie de página. |
| 505 ## - FORMATTED CONTENTS NOTE |
| Formatted contents note |
Contenido:<br/>Sistema constitucional de la Justicia -- A lo largo del siglo XX -- De la teoría del debido paroceso legal al acceso real a la jurisdicción -- Sociología del proceso justo -- Las garantías interiores del proceso -- Los despliegues del proceso justo -- Los obstáculos que impiden el acceso real al proceso justo -- Recapitulación y futuro. |
| 650 #0 - ASIENTO SECUNDARIO DE MATERIA - TERMINO TEMATICO |
| 9 (RLIN) |
267 |
| Topical term or geographic name as entry element |
DERECHO PROCESAL |
| 650 #0 - ASIENTO SECUNDARIO DE MATERIA - TERMINO TEMATICO |
| 9 (RLIN) |
178 |
| Topical term or geographic name as entry element |
DERECHO CONSTITUCIONAL |
| 650 #0 - ASIENTO SECUNDARIO DE MATERIA - TERMINO TEMATICO |
| 9 (RLIN) |
2401 |
| Topical term or geographic name as entry element |
PROCESO JUDICIAL |
| 650 #0 - ASIENTO SECUNDARIO DE MATERIA - TERMINO TEMATICO |
| 9 (RLIN) |
615 |
| Topical term or geographic name as entry element |
DERECHOS Y GARANTIAS CONSTITUCIONALES |
| 650 #0 - ASIENTO SECUNDARIO DE MATERIA - TERMINO TEMATICO |
| 9 (RLIN) |
586 |
| Topical term or geographic name as entry element |
DEFENSA EN JUICIO |
| 650 #0 - ASIENTO SECUNDARIO DE MATERIA - TERMINO TEMATICO |
| 9 (RLIN) |
180 |
| Topical term or geographic name as entry element |
DEBIDO PROCESO |
| 942 ## - ADDED ENTRY ELEMENTS (KOHA) |
| Source of classification or shelving scheme |
|
| Koha item type |
Libros |
| Classification part |
347.9:342.4 |
| Item part |
MOR |